Cuentos negros ó Historias extravagantes / (Record no. 165235)
[ view plain ]
| 000 -LEADER | |
|---|---|
| campo de control de longitud fija | 00635nam a22001935i 4500 |
| 001 - NÚMERO DE CONTROL | |
| campo de control | 165235 |
| 003 - IDENTIFICADOR DE NÚMERO DE CONTROL | |
| campo de control | ES-MaACL |
| 005 - FECHA Y HORA DE LA ÚLTIMA TRANSACCIÓN | |
| campo de control | 20230906213107.0 |
| 008 - DATOS DE LONGITUD FIJA--INFORMACIÓN GENERAL | |
| campo de control de longitud fija | 000111s1874 sp |||| | spa d |
| 040 ## - FUENTE DE CATALOGACIÓN | |
| Centro catalogador/agencia de origen | CCPB | B |
| Lengua de catalogación | spa |
| Centro/agencia transcriptor | CCPB | B |
| 100 1# - ENTRADA PRINCIPAL--NOMBRE DE PERSONA | |
| Nombre de persona | Serrano Alcazar, Rafael. |
| 9 (RLIN) | 224162 |
| 245 10 - MENCIÓN DEL TÍTULO | |
| Título | Cuentos negros ó Historias extravagantes / |
| Mención de responsabilidad, etc. | por Rafael Serrano Alcázar. |
| 260 ## - PUBLICACIÓN, DISTRIBUCIÓN, ETC. | |
| Lugar de publicación, distribución, etc. | Albacete : |
| Nombre del editor, distribuidor, etc. | [s.n.], |
| Fecha de publicación, distribución, etc. | 1874 ( |
| Fabricante | Est. tip. de Sebastian Ruiz) |
| 300 ## - DESCRIPCIÓN FÍSICA | |
| Extensión | XXIII, 173, [3] p. ; |
| Dimensiones | 19 cm. |
| 740 01 - ENTRADA AGREGADA--TÍTULO RELACIONADO/ANALÍTICO NO CONTROLADO | |
| Título relacionado o analítico no controlado | Historias extravagantes. |
| 752 ## - ENTRADA AGREGADA--NOMBRE JERÁRQUICO DEL LUGAR | |
| País o entidad superior | España - |
| Ciudad | Albacete |
| 852 ## - LOCALIZACIÓN | |
| Ubicación | ES-MaACL |
| Número de control de estantería | G-9176 |
| Nota libre | -- Enc. hol. |
| Estatus retirado | Estado de pérdida | Estado de daño | No para préstamo | Colección | Biblioteca de origen | Biblioteca actual | Ubicación en estantería | Fecha de adquisición | Fuente de adquisición | Total de préstamos | Signatura topográfica completa | Código de barras | Visto por última vez | Precio de reemplazo | Tipo de ítem Koha |
|---|---|---|---|---|---|---|---|---|---|---|---|---|---|---|---|
| Libros del s. XIX | Biblioteca del Ateneo de Madrid | Biblioteca del Ateneo de Madrid | Sala Pecera Planta 3 | 17/01/2008 | G-9176 | 1173265 | 23/02/2023 | 23/02/2023 | Libro impreso antiguo |
